| 000 | 01236nam a22001937a 4500 | ||
|---|---|---|---|
| 999 |
_c62047 _d62047 |
||
| 003 | Ge_BSU | ||
| 005 | 20240627110746.0 | ||
| 008 | 240627s1953 ge ||||| |||| 00| 0 geo d | ||
| 041 | _ageo | ||
| 080 | _a616.15-07 მ-18 | ||
| 100 |
_aმაკალათია, ც. _922606 |
||
| 245 |
_aსისხლის და სისხლწარმომქმნელი ორგანოების პუნქტატის ლაბორატორიული გამოკვლევა / _cც. მაკალათია.; რედ. ვ. კიკნაძე; საქ. სსრ მეცნ. აკადემია. |
||
| 264 |
_aთბილისი : _bსაქ. სსრ მეცნ. აკად. გამ-ბა და სტ., _c1953. |
||
| 300 |
_a118 გვ. : _bილ. 3 ფურც. ტაბულ. ; _c23 სმ. |
||
| 653 | _aსისხლის ლაბორატორიული გამოკვლევა | ||
| 653 | _aსისხლწარმომქმნელი ორგანოების ლაბორატორიული გამოკვლევა | ||
| 700 |
_aკიკნაძე, ვ. _eრედაქტორი _922607 |
||
| 942 |
_2udc _cBK |
||